Estatísticas para Países que contêm uma letra - II+

Clique aqui para jogar o quiz

Estatísticas Gerais

  • Esse quiz foi jogado 66 vezes
  • A pontuação média é 27 de 45

Estatísticas das Respostas

CategoriaPaís% Correto
2 x IÍndia
84%
2 x IIndonésia
81%
2 x IFiji
79%
2 x IIslândia
79%
2 x IItália
77%
2 x IEmirados Árabes Unidos
72%
2 x ITajiquistão
72%
3 x IFilipinas
70%
2 x IFinlândia
70%
2 x IGuiné-Bissau
70%
2 x ILíbia
67%
2 x IQuirguistão
67%
3 x IRepública Dominicana
67%
2 x IArábia Saudita
65%
2 x IGuiné Equatorial
65%
2 x ILituânia
65%
2 x IRepública Democrática do Congo
65%
2 x ISão Vicente e Granadinas
65%
2 x IEtiópia
63%
2 x IReino Unido
63%
2 x IBielorrússia
60%
2 x IBolívia
60%
2 x ITailândia
60%
2 x IDominica
58%
2 x IEritreia
58%
2 x IEstados Federados da Micronésia
58%
2 x INamíbia
58%
2 x ISão Tomé e Príncipe
58%
2 x IHaiti
56%
2 x ITunísia
56%
2 x IBirmânia
53%
2 x INigéria
53%
2 x IRepública Centro-Africana
53%
2 x IEssuatíni
51%
3 x IKiribati
51%
2 x ILiechtenstein
51%
2 x IPaíses Baixos
51%
2 x IBósnia e Herzegovina
49%
2 x ILibéria
49%
2 x ISão Cristóvão e Nevis
47%
2 x ITrinidad e Tobago
47%
2 x ISíria
44%
2 x IMaurícia
40%
2 x IMauritânia
40%
2 x IDjibouti
37%

Distribuição das Pontuações

Percentil de Números Respondidos

Porcentagem de Pessoas com Cada Pontuação

Sua Pontuação Histórica

Você não jogou esse quiz